World Book's biographical encyclopedia of scientists. Vol 4. (Record no. 37127)

MARC details
000 -LEADER
fixed length control field 00480nam a2200169Ia 4500
020 ## - INTERNATIONAL STANDARD BOOK NUMBER
ISBN 071667601X
050 ## - CALL MARK
Classification number Q 141 .W67/ Vol 4.
245 #0 - TITLE STATEMENT
Title World Book's biographical encyclopedia of scientists. Vol 4.
260 ## - PUBLICATION, DISTRIBUTION, ETC. (IMPRINT)
Place of publication Chicago
260 ## - PUBLICATION, DISTRIBUTION, ETC. (IMPRINT)
Name of publisher World Book
260 ## - PUBLICATION, DISTRIBUTION, ETC. (IMPRINT)
Year of publication 2005
300 ## - PHYSICAL DESCRIPTION
Number of Pages 186 p
650 ## - SUBJECT ADDED ENTRY--TOPICAL TERM
Topical Term Scientists--Biography--Encyclopedias, Juvenile. Scientists--Encyclopedias.
942 ## - ADDED ENTRY ELEMENTS (KOHA)
Koha item type Books
Holdings
Withdrawn status Lost status Source of classification or shelving scheme Damaged status Not for loan Permanent Location Current Location Date acquired Accession Number Price effective from Koha item type
    Library of Congress Classification     NILE UNIVERSITY OF NIGERIA - MAIN LIBRARY NILE UNIVERSITY OF NIGERIA - MAIN LIBRARY 04/23/2025 0194943 04/23/2025 Books